| LEADER 00000nam 2200000uu 4500 |
| 001 13399110097 |
| 003 ULIBM |
| 008 020711s1982 th a 000 0 tha d |
| 020 ^a0818504943
|
| 082 ^a150.287^bK17P
|
| 100 ^aKaplan, Robert M.
|
| 245 ^aPsychological Testing Principles, Applications, and Issues /^cBy Robert M. Kaplan, Dennis P. Saccuzzo.
|
| 260 ^aAustralia :^bWadsworth,^c1982.
|
| 300 ^a575 p.^bill.^c24 cm.
|
| 650 0 ^aPsychological tests.
|
| 700 0 ^aSaccuzzo, Dennis.
|
| 945 ^p0^l0^i15462
|
| 999 ^akanya
|
หนังสือดีน่าอ่าน

“ดั่งดวงแก้ว ส่องสว่าง ทางสายงาม”
จัดทำขึ้นเพื่อเฉลิมพระเกียรติ สมเด็จพระเทพรัตนราชสุดา ฯ สยามบรมราชกุมารี
เนื่องในโอกาสมหามงคลเฉลิมพระชนมพรรษา ๕ รอบ ๒ เมษายน ๒๕๕๘
โดยหนังสือเล่มนี้ได้รวบรวม ๖๐ พระอัจฉริยภาพของสมเด็จพระเทพ ฯ
ผู้อ่านจะได้รับแรงบันดาลใจให้พากเพียรเรียนรู้และขยันอดทนทำการงาน
ตามรอยเบื้องพระยุคลบาท เพราะพระองค์ทรงเป็นแบบอย่างอันดีเยี่ยมในทุกด้าน
ทั้งในความใฝ่รู้ใฝ่เรียน คุณธรรมจริยธรรม พระวิริยอุตสาหะในการทรงงาน
และอื่นๆอีกมากมาย ล้วนสามารถสร้างแรงบันดาลใจให้แก่เด็กและเยาวชน
อีกทั้งประชาชนทั่วไป ให้พากเพียรเรียนรู้และขยันอดทนทำการงานตามรอยพระยุคลบาท
เพื่อฝึกฝนตนเองให้เป็นคนดีคนเก่งของครอบครัวและสังคมต่อไป